000 00662nam a2200193Ii 4500
003 JO-AjNU
008 230605s9999||||xx |||||||||||||| ||und||
040 _aJO-AjNU
_bara
_erda
_cJO-AjNU
041 _aara
050 1 4 _aJX5141.M87
100 3 _a اللجنة الدولية للصليب الأحمر,
_eauthor
_948422
245 0 0 _aالبروتوكولات الإضافية إلى اتفاقيات جنيف المؤرخة في 12آب / أغسطس 1949
250 _a(د،ط)
264 3 1 _aد ، م : د ، ن ، د ، ت
300 _a113ص
336 _atext
_btxt
_2rdacontent
337 _aunmediated
_bn
_2rdamedia
338 _avolume
_bnc
_2rdacarrier
999 _aA21204
_c24772
_d24772